Max weber : Lý thuyết hành động xã hội trong xã hội học /

محفوظ في:
التفاصيل البيبلوغرافية
المؤلف الرئيسي: Nguyễn Thị Bích Thuỷ.
التنسيق: مقال
اللغة:Vietnamese
الموضوعات:
الوسوم: إضافة وسم
لا توجد وسوم, كن أول من يضع وسما على هذه التسجيلة!
Thư viện lưu trữ: Thư viện Trường Đại học Đà Lạt
LEADER 00800nam a2200265 4500
001 DLU090088049
005 ##20091028
040 # # |a DLU  |b vie 
041 # # |a vie 
044 # # |a vn  
100 # # |a Nguyễn Thị Bích Thuỷ. 
245 # # |a Max weber :  |b Lý thuyết hành động xã hội trong xã hội học /  |c Nguyễn Thị Bích Thuỷ. 
653 # # |a An toàn xã hội 
653 # # |a Phát triển xã hội 
653 # # |a Xã hội học 
773 # # |t Nghiên cứu Châu Âu  |g Số 1(25), 1999, tr. 75-76 
920 # # |a Phòng Tạp chí -- Trung tâm Thông tin - Thư viện Trường Đại học Đà Lạt 
994 # # |a DLU 
900 # # |a True 
911 # # |a Nguyễn Thị Linh Chi 
925 # # |a G 
926 # # |a A 
927 # # |a BB 
980 # # |a Thư viện Trường Đại học Đà Lạt